James Bond Villains by Evil Scheme - Statistics

General Stats
  • This quiz has been taken 132 times
    106 since last reset
  • The average score is 19 of 25
Answer Stats
Evil scheme Villain % Correct
Extort the world nuclear powers by threatening to destroy their nuclear stockpiles with a space laser Ernst Stavro Blofeld
91%
Extort the UN for a full pardon by threatening to cause a global famine through the release of a deadly virus Ernst Stavro Blofeld
91%
Gain control of global surveillance through the Nine Eyes program Ernst Stavro Blofeld
91%
Instigate a war between USA and USSR by capturing their spacecrafts Ernst Stavro Blofeld
91%
Irradiate the entire US gold supply to increase the worth of his own stock Auric Goldfinger
90%
Disrupt US missile launches by using a radio beam Dr. Julius No
84%
Win the poker tournament at Casino Royale to pay off debts to his clients with the prize money Le Chiffre
84%
Gain a monopoly in the American drug market by distributing free heroin Mr. Big
78%
Create an artificial drought in Bolivia and sell back the fresh water at inflated prices Dominic Greene
76%
Extort the world governments by threatening a nuclear strike with two stolen warheads Emilio Largo & SPECTRE
76%
Take revenge on M by killing her Raoul Silva
76%
Steal the Soviet decoder LEKTOR Rosa Klebb & SPECTRE
76%
Eradicate Earth's entire human population by poisoning the atmosphere and rebuild the humanity in outer space Hugo Drax
75%
Instigate a nuclear war between UK and USSR and establish an underwater utopia Karl Stromberg
75%
Destroy the London economy with an EMP pulse from a superweapon called Golden Eye Alec Trevelyan
74%
Launch a cruise missile to Beijing and negotiate exclusive broadcasting rights in China with the new government Elliot Carver
72%
Destroy the Korean demilitarized zone with a weaponized satellite called Icarus to provoke a war between the Koreas Gustav Graves
71%
Kill James Bond in a duel and sell the Solex Agitator to the highest bidder Francisco Scaramanga
69%
Detonate a nuclear device in West Germany to pave way for a Soviet invasion of Western Europe General Orlov & Kamal Khan
69%
Drown the Silicon Valley in water to achieve a monopoly in the microchip market Max Zorin
69%
Gain a crude oil monopoly in Europe by detonating a nuclear submarine in Istanbul Elektra King & Renard
68%
Smuggle a shipment of cocaine into Asia by dissolving it into petrol Franz Sanchez
68%
Sell the British ATAC device to the Soviet Union Aristotle Kristatos
63%
Acquire a shipment of opium from the Mujahadeen and trick Bond into killing General Pushkin Georgi Koskov & Brad Whitaker
63%
Kill millions of people by releasing the Heracles bioweapon Lyutsifer Safin
57%
No matching quizzes found
Score Distribution
Percent of People with Each Score
Percentile by Number Answered
Your Score History
You have not taken this quiz since the last reset